000 00651nam a2200205 i 4500
001 51344
003 ES-MaACL
007 t|
008 030812s1953 sp ||||1| spa d
100 1 _aCharpentier, Marivic.
_938112
245 1 3 _aEl oso en zapatillas /
_cMarivic Charpentier ; [traducción direta del francés por Matilde de Rafael].
250 _a[1ª ed.].
260 _aBarcelona :
_bA.H.R.,
_c[1953] (
_fImp. Moderna)
300 _a230 p. ;
_c18 cm.
490 1 _aLa cortina de hierro
700 1 _aRafael, Matilde de.
_994951
830 0 _aLa cortina de hierro
_9182126
852 _aES-MaACL
_jC-6093
_bR.34048
999 _c51344
_d51344